Word Ladder: Songs Quiz Stats

 Plays Quiz Updated Aug 13, 2015

Challenge
Share
Tweet
Embed
Score 0/20 Timer 02:00
0 Plays Today
Song Title Word % Correct
Dark Side of the ___MOON
96.2%
I Want to ___ Your HandHOLD
95.7%
Highway to ___HELL
93.8%
I'm in the ___ for LoveMOOD
92%
8 ___MILE
85%
In Da ___HOOD
83.7%
___ 'em and WeepREAD
82.6%
___ to NowhereROAD
81.8%
Take a ___ Off Your FeetLOAD
78.9%
___ UnderDOWN
76.6%
Song Title Word % Correct
Blueberry ___HILL
75%
Down in a ___HOLE
71.9%
Jagged Little ___PILL
69%
___ the WorldHEAL
67.3%
My Love Is for ___REAL
66%
Ten Foot ___POLE
63.9%
A Whiter Shade of ___PALE
63.8%
Corrie ___DOON
63.4%
___ DriverPILE
61.5%
Young Black ___MALE
59.1%

Today's Daily Dose

Quick Pick
The Muppets

On This Day
December 19th II

You're not logged in!

Compare scores with friends on all Sporcle quizzes.
OR
Log In

You Might Also Like...

Show Comments

Extras

Top Quizzes Today


Score Distribution

Your Account Isn't Verified!

In order to create a playlist on Sporcle, you need to verify the email address you used during registration. Go to your Sporcle Settings to finish the process.

Report this User

Report this user for behavior that violates our Community Guidelines.

Details: